[Event "Montevideo Duchamp Cup 6th"]
[Site "Montevideo"]
[Date "2023.02.05"]
[Round "3"]
[White "Nettelbeck, Jann"]
[Black "Saralegui Cassan, Mario"]
[Result "1/2-1/2"]
[WhiteElo "1710"]
[BlackElo "2018"]
[PlyCount "71"]
[EventDate "2023.02.03"]
[EventType "swiss"]
[EventRounds "9"]
[EventCountry "URU"]
[SourceTitle "CBM 212 Extra"]
[Source "ChessBase"]
[SourceDate "2023.03.31"]
[SourceVersion "1"]
[SourceVersionDate "2023.03.31"]
[SourceQuality "1"]

1. Nf3 Nf6 2. c4 c5 3. Nc3 g6 4. g3 Bg7 5. Bg2 Nc6 6. d4 cxd4 7. Nxd4 0-0 8. 0-0 Nxd4 9. Qxd4 d6 10. Qd3 Bf5 11. e4 Be6 12. b3 Qd7 13. Bb2 Bh3 14. Nd5 Nxd5 15. Bxg7 Bxg2 16. Kxg2 Nf4+ 17. gxf4 Kxg7 18. Qf3 b5 19. Rac1 Rac8 20. f5 bxc4 21. Rxc4 Rxc4 22. bxc4 Qa4 23. fxg6 hxg6 24. Qc3+ Kg8 25. Qb3 Qc6 26. f3 Qc5 27. Qb5 Qc7 28. Rb1 Kg7 29. Qd5 Rb8 30. Rxb8 Qxb8 31. Qb5 Qc8 32. a4 Qe6 33. Qa6 Qd7 34. Qb5 Qe6 35. Qa6 Qd7 36. Qb5 1/2-1/2

[Event "San Bernardino op"]
[Site "San Bernardino"]
[Date "2022.09.24"]
[Round "2"]
[White "Medici, Simone"]
[Black "Nettelbeck, Jann"]
[Result "1-0"]
[WhiteElo "2193"]
[BlackElo "1699"]
[PlyCount "41"]
[EventDate "2022.09.23"]
[EventType "swiss"]
[EventRounds "5"]
[EventCountry "SUI"]
[SourceTitle "EXT 2024"]
[Source "ChessBase"]
[SourceDate "2023.10.10"]
[SourceVersion "1"]
[SourceVersionDate "2023.10.10"]
[SourceQuality "1"]

1. Nf3 Nf6 2. b3 d6 3. d4 c6 4. Bb2 e6 5. Nbd2 Be7 6. e4 Nbd7 7. Bd3 Qa5 8. 0-0 0-0 9. e5 dxe5 10. dxe5 Nd5 11. Nc4 Qc7 12. Re1 b5 13. Nd6 f5 14. exf6 Bxd6 15. fxg7 Rxf3 16. Qxf3 Bxh2+ 17. Kh1 Qf4 18. Bxh7+ Kxh7 19. Qh5+ Qh6 20. g8Q+ Kxg8 21. Qxh6 1-0

[Event "Lugano op 10"]
[Site "Lugano"]
[Date "2021.11.01"]
[Round "5"]
[White "Perathoner, Manuel"]
[Black "Nettelbeck, Jann"]
[Result "0-1"]
[WhiteElo "1499"]
[BlackElo "1716"]
[PlyCount "54"]
[EventDate "2021.10.29"]
[EventType "swiss"]
[EventRounds "5"]
[EventCountry "SUI"]
[SourceTitle "CBM 205 Extra"]
[Source "ChessBase"]
[SourceDate "2022.01.31"]
[SourceVersion "1"]
[SourceVersionDate "2022.01.31"]
[SourceQuality "1"]

1. d4 Nf6 2. e3 g6 3. Bd3 Bg7 4. f4 d6 5. Nf3 Nbd7 6. 0-0 0-0 7. Qe1 e5 8. fxe5 dxe5 9. e4 exd4 10. Nxd4 Ne5 11. Qb4 Nxd3 12. cxd3 Nxe4 13. Nf5 Bxf5 14. dxe4 Qd4+ 15. Qxd4 Bxd4+ 16. Kh1 Bxe4 17. Nd2 Bd3 18. Rf3 Rfe8 19. h3 Re1+ 20. Kh2 Be5+ 21. g3 Bb5 22. Rb3 Re2+ 23. Kh1 Bc6+ 24. Kg1 Bd4+ 25. Kf1 Rf2+ 26. Ke1 Re8+ 27. Kd1 Ba4 0-1

[Event "Bremen Silvester op"]
[Site "Bremen"]
[Date "2019.12.28"]
[Round "4"]
[White "Nettelbeck, Jann"]
[Black "Adaschkiewitz, Wolfgang"]
[Result "1-0"]
[WhiteElo "1708"]
[BlackElo "1504"]
[PlyCount "71"]
[EventDate "2019.12.27"]
[EventType "swiss"]
[EventRounds "7"]
[EventCountry "GER"]
[SourceTitle "CBM 194 Extra"]
[Source "ChessBase"]
[SourceDate "2020.03.31"]
[SourceVersion "1"]
[SourceVersionDate "2020.03.31"]
[SourceQuality "1"]

1. d4 f5 2. e4 fxe4 3. Nc3 Nf6 4. Bg5 e6 5. Nxe4 Be7 6. Nxf6+ Bxf6 7. Bxf6 Qxf6 8. Bd3 0-0 9. Nf3 Nc6 10. 0-0 b6 11. Be4 Bb7 12. Ne5 Rad8 13. c3 Na5 14. Bxb7 Nxb7 15. Qa4 Qe7 16. Qxa7 Rb8 17. Qa4 c6 18. b4 b5 19. Qa7 Qd8 20. a4 Qc8 21. axb5 cxb5 22. Qa6 Rd8 23. Qxb5 Nd6 24. Qc5 Qxc5 25. dxc5 Nf7 26. Nxf7 Kxf7 27. Ra7 Rbc8 28. Rd1 Ke8 29. f4 g6 30. Kf2 h5 31. Ke3 Ra8 32. Rda1 Rac8 33. Ke4 Ke7 34. R1a6 Kf6 35. Rd6 Ra8 36. Rdxd7 1-0

[Event "DEN-ch Kort1 A"]
[Site "Skorping"]
[Date "2017.04.10"]
[Round "5"]
[White "Nettelbeck, Jann"]
[Black "Steenstrup, Svend"]
[Result "1/2-1/2"]
[WhiteElo "1779"]
[BlackElo "1900"]
[PlyCount "84"]
[EventDate "2017.04.08"]
[EventType "swiss"]
[EventRounds "5"]
[EventCountry "DEN"]
[SourceTitle "EXT 2023"]
[Source "ChessBase"]
[SourceDate "2022.10.05"]
[SourceVersion "1"]
[SourceVersionDate "2022.10.05"]
[SourceQuality "1"]

1. d4 g6 2. c4 Nf6 3. Nc3 d5 4. cxd5 Nxd5 5. Bd2 Bg7 6. Nf3 Nc6 7. e4 Nb6 8. d5 Ne5 9. Nxe5 Bxe5 10. Bb5+ Bd7 11. Bxd7+ Qxd7 12. Qe2 Bg7 13. 0-0 0-0 14. Rac1 e6 15. dxe6 Qxe6 16. Nb5 Qxa2 17. Nxc7 Rac8 18. Bb4 Qxb2 19. Qxb2 Bxb2 20. Rc2 Rfd8 21. Rxb2 Rxc7 22. Ba5 Rd4 23. Rxb6 axb6 24. Bxb6 Rcc4 25. Bxd4 Rxd4 26. f3 Rb4 27. Kf2 Kg7 28. g4 Kf6 29. h4 h5 30. gxh5 gxh5 31. Rg1 Rb5 32. Ke3 Rb3+ 33. Kf4 b5 34. Rg5 Rb1 35. Rxh5 b4 36. Rh6+ Kg7 37. Rb6 b3 38. Ke3 b2 39. Kd2 Rf1 40. Rxb2 Rf2+ 41. Kc3 Rxf3+ 42. Kd4 Rh3 1/2-1/2

[Event "Forchheim op-B 15th"]
[Site "Forchheim"]
[Date "2016.10.02"]
[Round "4"]
[White "Knauer, Finn"]
[Black "Nettelbeck, Jann"]
[Result "1/2-1/2"]
[WhiteElo "1498"]
[BlackElo "1739"]
[PlyCount "43"]
[EventDate "2016.10.01"]
[EventType "swiss"]
[EventRounds "5"]
[EventCountry "GER"]
[SourceTitle "EXT 2019"]
[Source "ChessBase"]
[SourceDate "2018.10.10"]
[SourceVersion "1"]
[SourceVersionDate "2018.10.10"]
[SourceQuality "1"]

1. d4 Nf6 2. Nf3 d6 3. e3 g6 4. Bd3 Bg7 5. b3 0-0 6. Bb2 c6 7. Nbd2 b5 8. c4 bxc4 9. Nxc4 Na6 10. Qd2 c5 11. Rc1 Nb4 12. Ba1 Qc7 13. dxc5 dxc5 14. Bc3 Rd8 15. Qb2 Bb7 16. Qe2 Ne4 17. Bxg7 Kxg7 18. 0-0 Nd6 19. Nxd6 exd6 20. a3 Ba6 21. Qb2+ f6 22. axb4 1/2-1/2

[Event "Forchheim op-B 15th"]
[Site "Forchheim"]
[Date "2016.10.01"]
[Round "2"]
[White "Kohler, Alfred"]
[Black "Nettelbeck, Jann"]
[Result "1/2-1/2"]
[WhiteElo "1608"]
[BlackElo "1739"]
[PlyCount "43"]
[EventDate "2016.10.01"]
[EventType "swiss"]
[EventRounds "5"]
[EventCountry "GER"]
[SourceTitle "EXT 2019"]
[Source "ChessBase"]
[SourceDate "2018.10.10"]
[SourceVersion "1"]
[SourceVersionDate "2018.10.10"]
[SourceQuality "1"]

1. d4 Nf6 2. Nf3 g6 3. c4 d5 4. Nc3 Bg7 5. Bf4 c6 6. e3 0-0 7. Bd3 dxc4 8. Bxc4 Nd5 9. Nxd5 cxd5 10. Bd3 Bg4 11. 0-0 Qb6 12. b3 Nc6 13. h3 Bxf3 14. Qxf3 Nb4 15. Qe2 Nxd3 16. Qxd3 Rac8 17. Rfc1 Rc6 18. Rc2 Rfc8 19. Rac1 f6 20. Kf1 Qa5 21. Rxc6 Rxc6 22. Rxc6 1/2-1/2

[Event "Rostock SSC 07 op 15th"]
[Site "Rostock"]
[Date "2016.07.31"]
[Round "7"]
[White "Nettelbeck, Jann"]
[Black "Kallweit, Paul"]
[Result "1-0"]
[WhiteElo "1774"]
[BlackElo "922"]
[PlyCount "67"]
[EventDate "2016.07.27"]
[EventType "swiss"]
[EventRounds "7"]
[EventCountry "GER"]
[SourceTitle "EXT 2017"]
[Source "ChessBase"]
[SourceDate "2016.10.25"]
[SourceVersion "1"]
[SourceVersionDate "2016.10.25"]
[SourceQuality "1"]

1. d4 d5 2. c4 e6 3. Nc3 Nf6 4. Bg5 Be7 5. cxd5 exd5 6. e3 Bf5 7. Bxf6 Bxf6 8. Qb3 b6 9. Nxd5 Be6 10. Nxf6+ Qxf6 11. Bc4 Bxc4 12. Qxc4 c6 13. Nf3 0-0 14. 0-0 Nd7 15. Rac1 Rfc8 16. b4 Rc7 17. a4 a5 18. bxa5 Rxa5 19. Rc2 b5 20. axb5 Rxb5 21. Qxb5 cxb5 22. Rxc7 Nf8 23. Ne5 Ne6 24. Rxf7 Qxf7 25. Nxf7 Kxf7 26. Rb1 Nc7 27. e4 Ke6 28. f4 g6 29. Rc1 Kd6 30. e5+ Kd7 31. Kf2 Na6 32. d5 Nc7 33. d6 Nd5 34. g3 1-0

[Event "Rostock SSC 07 op 15th"]
[Site "Rostock"]
[Date "2016.07.29"]
[Round "4"]
[White "Nettelbeck, Jann"]
[Black "Langer, Robert"]
[Result "0-1"]
[WhiteElo "1774"]
[BlackElo "1641"]
[PlyCount "46"]
[EventDate "2016.07.27"]
[EventType "swiss"]
[EventRounds "7"]
[EventCountry "GER"]
[SourceTitle "EXT 2017"]
[Source "ChessBase"]
[SourceDate "2016.10.25"]
[SourceVersion "1"]
[SourceVersionDate "2016.10.25"]
[SourceQuality "1"]

1. d4 Nf6 2. c4 g6 3. Nc3 Bg7 4. e4 d6 5. Nf3 0-0 6. Be2 Nbd7 7. Bg5 e5 8. dxe5 Nxe5 9. Nxe5 dxe5 10. Qb3 c6 11. Rd1 Qa5 12. 0-0 Qc7 13. h3 Be6 14. Qc2 Rfd8 15. f4 Rxd1 16. Rxd1 exf4 17. Rf1 Nh5 18. Bxh5 gxh5 19. Bxf4 Qb6+ 20. Kh1 Bxc4 21. e5 Bxf1 22. Ne4 Qd4 23. Bh6 Bd3 0-1

[Event "Stuttgart-chA int"]
[Site "Ditzingen"]
[Date "2016.05.07"]
[Round "5"]
[White "Pflaum, Stefan"]
[Black "Nettelbeck, Jann"]
[Result "1-0"]
[WhiteElo "2071"]
[BlackElo "1821"]
[PlyCount "37"]
[EventDate "2016.05.05"]
[EventType "swiss"]
[EventRounds "7"]
[EventCountry "GER"]
[SourceTitle "EXT 2018"]
[Source "ChessBase"]
[SourceDate "2017.10.13"]
[SourceVersion "1"]
[SourceVersionDate "2017.10.13"]
[SourceQuality "1"]

1. d4 Nf6 2. c4 g6 3. Nc3 d5 4. Bf4 c6 5. e3 Bg7 6. h3 0-0 7. Nf3 Nbd7 8. Be2 Ne4 9. cxd5 Nxc3 10. bxc3 cxd5 11. 0-0 b6 12. Bb5 a6 13. Bc6 Ra7 14. Bxd5 Nf6 15. Bb8 Nxd5 16. Bxa7 Be6 17. c4 Qa8 18. cxd5 Bxd5 19. Bxb6 1-0

[Event "Stuttgart-chA int"]
[Site "Ditzingen"]
[Date "2016.05.05"]
[Round "1"]
[White "Nettelbeck, Jann"]
[Black "Klaus, Dominik"]
[Result "0-1"]
[WhiteElo "1821"]
[BlackElo "2068"]
[PlyCount "52"]
[EventDate "2016.05.05"]
[EventType "swiss"]
[EventRounds "7"]
[EventCountry "GER"]
[SourceTitle "EXT 2018"]
[Source "ChessBase"]
[SourceDate "2017.10.13"]
[SourceVersion "1"]
[SourceVersionDate "2017.10.13"]
[SourceQuality "1"]

1. d4 Nf6 2. c4 g6 3. g3 Bg7 4. Bg2 d5 5. cxd5 Nxd5 6. e4 Nb6 7. Ne2 Nc6 8. d5 Ne5 9. Nbc3 0-0 10. f4 Nec4 11. b3 Bg4 12. Rb1 Bxc3+ 13. Kf2 Nd6 14. e5 Nb5 15. Qd3 Bxe2 16. Qxe2 Bd4+ 17. Be3 Nc3 18. Qd3 Bxe3+ 19. Kxe3 Nxb1 20. Rxb1 c6 21. dxc6 Qxd3+ 22. Kxd3 Rfd8+ 23. Ke2 bxc6 24. Bxc6 Rac8 25. Be4 Nd5 26. Bxd5 Rxd5 0-1

[Event "DEN-ch Kort 2"]
[Site "Svendborg"]
[Date "2016.03.21"]
[Round "4"]
[White "Nettelbeck, Jann"]
[Black "Petersen, Albert Emil Lyng"]
[Result "1-0"]
[WhiteElo "1799"]
[BlackElo "1737"]
[PlyCount "87"]
[EventDate "2016.03.19"]
[EventType "swiss"]
[EventRounds "5"]
[EventCountry "DEN"]
[SourceTitle "EXT 2023"]
[Source "ChessBase"]
[SourceDate "2022.10.05"]
[SourceVersion "1"]
[SourceVersionDate "2022.10.05"]
[SourceQuality "1"]

1. d4 Nf6 2. Bg5 g6 3. c4 Bg7 4. Nc3 d6 5. e4 0-0 6. Be2 Nc6 7. Nf3 e5 8. d5 Ne7 9. Qd2 Ne8 10. Bh6 f5 11. exf5 Bxf5 12. Bxg7 Kxg7 13. h4 Nf6 14. h5 gxh5 15. Nh4 Bg6 16. Nxg6 hxg6 17. 0-0-0 Kf7 18. f3 Qd7 19. g4 hxg4 20. fxg4 Nxg4 21. Rdf1+ Nf6 22. Ne4 Nf5 23. Ng5+ Ke7 24. Rfg1 Rg8 25. Ne6 c5 26. Qg5 Kf7 27. Rf1 Qe7 28. Rxf5 gxf5 29. Rh7+ Ke8 30. Rxe7+ Kxe7 31. Qxf5 Rg1+ 32. Kd2 Rag8 33. Nc7 R1g2 34. Qe6+ Kd8 35. Qxd6+ Nd7 36. Ne6+ Ke8 37. Nxc5 Nxc5 38. Qxc5 Rf8 39. Qc8+ Ke7 40. Qe6+ Kd8 41. d6 Rg7 42. Qxe5 Rd7 43. Qg5+ Ke8 44. Bh5+ 1-0

[Event "Eschborn op 10th"]
[Site "Eschborn"]
[Date "2013.09.01"]
[Round "5"]
[White "Bajorski, Marius"]
[Black "Nettelbeck, Jann"]
[Result "0-1"]
[WhiteElo "1360"]
[BlackElo "1730"]
[PlyCount "54"]
[EventDate "2013.08.30"]
[EventType "swiss"]
[EventRounds "5"]
[EventCountry "GER"]
[SourceTitle "EXT 2014"]
[Source "ChessBase"]
[SourceDate "2013.11.20"]
[SourceVersion "1"]
[SourceVersionDate "2013.11.20"]
[SourceQuality "1"]

1. e4 c5 2. Nf3 Nc6 3. d4 cxd4 4. Nxd4 e6 5. Be3 Nf6 6. f3 d5 7. exd5 Nxd5 8. Bf2 g6 9. Bb5 Bd7 10. Qd2 Bg7 11. Nc3 Nxc3 12. Qxc3 Rc8 13. Bxc6 Rxc6 14. Qb3 Rb6 15. Nb5 Rxb5 16. Qd3 Bxb2 17. Rb1 Qa5+ 18. Ke2 Re5+ 19. Kf1 Bb5 20. c4 Rd5 21. Qb3 Bxc4+ 22. Qxc4 Qc3 23. Qxc3 Bxc3 24. Ke2 Rd2+ 25. Ke3 Rxa2 26. Rxb7 0-0 27. Rc1 Bd2+ 0-1

[Event "Eschborn op 10th"]
[Site "Eschborn"]
[Date "2013.08.30"]
[Round "1"]
[White "Stockmann, Michael"]
[Black "Nettelbeck, Jann"]
[Result "1-0"]
[WhiteElo "2236"]
[BlackElo "1730"]
[PlyCount "47"]
[EventDate "2013.08.30"]
[EventType "swiss"]
[EventRounds "5"]
[EventCountry "GER"]
[SourceTitle "EXT 2014"]
[Source "ChessBase"]
[SourceDate "2013.11.20"]
[SourceVersion "1"]
[SourceVersionDate "2013.11.20"]
[SourceQuality "1"]

1. d4 Nf6 2. c4 g6 3. g3 Bg7 4. Bg2 0-0 5. Nc3 d6 6. Nf3 Nbd7 7. 0-0 e5 8. h3 exd4 9. Nxd4 Ne5 10. b3 Bd7 11. e4 Qc8 12. Kh2 Nc6 13. Nc2 Nxe4 14. Nxe4 Bxa1 15. Nxa1 f5 16. Ng5 Qd8 17. Bd5+ Kg7 18. Bb2+ Ne5 19. f4 Kh6 20. fxe5 Kxg5 21. Qd2+ f4 22. Rxf4 Rxf4 23. Qxf4+ Kh5 24. Bf3+ 1-0